=LDR 00000nam 2200000 4500 =001 INLIS000000000809816 =008 ###################################ind## =035 ##$$a 0010-0825000309 =245 ##$$a Anyaman Bambu Dari Gintang / $c Samsul Muarif =260 ##$$b Sic =020 ##$$a 9799408431 =084 ##$$a 745.5 RIF a =520 ##$$a Pekerjaan tangan =082 ##$$a 745.5